[Event "Petropolis Interzonal"]
[Site "Petropolis"]
[Date "1973.??.??"]
[Round "6"]
[White "Kagan, Shimon"]
[Black "Tan Lian Ann"]
[Result "1-0"]
[WhiteElo "2405"]
[BlackElo "2365"]

1.e4 c5 2.Nf3 Nc6 3.d4 cxd4 4.Nxd4 Nf6 5.Nc3 d6 6.g3 e5 7.Nde2 d5 8.exd5 Nb4
9.a3 Nbxd5 10.Bg2 Be6 11.Bg5 Bc5 12.O-O Nxc3 13.Nxc3 O-O 14.Bxb7 Rb8 15.Qf3 Be7
16.Bxf6 Bxf6 17.Rab1 Qb6 18.Be4 Bd8 19.Rfd1 f5 20.Bd5 Kh8 21.Bxe6 Qxe6 22.Nd5 Bg5
23.Qh5 Bh6 24.b4 f4 25.Rb3 e4 26.Nxf4 Bxf4 27.gxf4 h6 28.Rg3 Rbc8 29.c3 Rxf4
30.Qh3 Rf5 31.Qg4 Qf7 32.Rd5 Rxd5 33.Qxc8+ Kh7 34.Qg4 Qe7 35.c4 Re5 36.Qf4 a5
37.c5 axb4 38.axb4 Rd5 39.c6 Rd1+ 40.Kg2 e3 41.Rxe3  1-0

[Event "Petropolis Interzonal"]
[Site "Petropolis"]
[Date "1973.??.??"]
[Round "7"]
[White "Savon, Vladimir A"]
[Black "Mecking, Henrique"]
[Result "0-1"]
[WhiteElo "2570"]
[BlackElo "2575"]

1.e4 c5 2.Nf3 d6 3.d4 cxd4 4.Nxd4 Nf6 5.Nc3 a6 6.Bg5 e6 7.f4 Nbd7 8.Qe2 Qc7
9.g4 b5 10.a3 Be7 11.Bg2 Bb7 12.O-O-O Rc8 13.Bh4 Qc4 14.Qxc4 Rxc4 15.Bf3 Nc5
16.Be2 Nfxe4 17.Nxe4 Bxe4 18.Bxe7 Nb3+ 19.Kb1 Rxd4 20.Bxd6 Bxh1 21.cxb3 Rxd1+
22.Bxd1 Kd7 23.Be5 f6 24.Bc3 Be4+ 25.Ka2 Kc6 26.a4 Rd8 27.Be2 e5 28.fxe5 fxe5
29.Bxe5 Rd2 30.Bf1 Rd1 31.axb5+ axb5 32.Bh3 b4 33.Bxg7 Rd7  0-1

[Event "Petropolis Interzonal"]
[Site "Petropolis"]
[Date "1973.??.??"]
[Round "10"]
[White "Hort, Vlastimil"]
[Black "Tan Lian Ann"]
[Result "1/2-1/2"]
[WhiteElo "2610"]
[BlackElo "2365"]

1.d4 Nf6 2.c4 e6 3.Nf3 d5 4.Nc3 Be7 5.Bg5 O-O 6.e3 c6 7.Qc2 Nbd7 8.Rd1 Re8
9.a3 dxc4 10.Bxc4 Nd5 11.Bxe7 Qxe7 12.O-O Nxc3 13.Qxc3 b6 14.e4 Bb7 15.Rfe1 Rac8
16.b4 Red8 17.Rc1 Nf6 18.Qc2 c5 19.dxc5 bxc5 20.b5 h6 21.h3 Qc7 22.Re3 Ra8
23.Bf1 a6 24.a4 Qa5 25.Rb1 axb5 26.Bxb5 Rac8 27.Ne5 Qc7 28.Nc4 Rd4 29.Rbe1 Qf4
30.e5 Nd5 31.Rg3 Nb4 32.Qc1 Qxc1 33.Rxc1 Ba6 34.Nd6 Ra8 35.Rxc5 Bxb5 36.axb5 Rd1+
37.Kh2 Nd3 38.Rc8+ Rxc8 39.Nxc8 Nxe5 40.Rb3 Rc1 41.Nd6 Nc4 42.Nxc4 Rxc4 43.b6 Rc8
44.b7 Rb8 45.Kg3 Kf8 46.Kf4 Ke7 47.h4 Kd6 48.h5 Kc6 49.Ke5 Kd7 50.Kf4 Kc6
51.Rg3 Rxb7 52.Rxg7 Rb4+ 53.Kf3 Rh4 54.Rxf7 Rxh5 55.g4 Rg5 56.Rh7 Rg6 57.Kg3 e5
58.Kf3 Kd5 59.Rd7+ Ke6 60.Ra7 Kd5 61.Rf7 Rg5 62.Rh7 Rg6 63.Kg3 Rf6 64.Rd7+ Ke4
65.Ra7 Kd5 66.Ra1 e4 67.Ra5+ Kd4 68.Rf5 Rxf5 69.gxf5 Ke5 70.Kg4 Kf6 71.Kf4 h5  1/2-1/2

[Event "Petropolis Interzonal"]
[Site "Petropolis"]
[Date "1973.??.??"]
[Round "12"]
[White "Panno, Oscar"]
[Black "Savon, Vladimir A"]
[Result "0-1"]
[WhiteElo "2580"]
[BlackElo "2570"]

1.c4 Nf6 2.Nc3 e5 3.Nf3 Nc6 4.e4 d6 5.d4 Bg4 6.d5 Nd4 7.Be3 Nxf3+ 8.gxf3 Bd7
9.f4 Ng4 10.Bd2 exf4 11.Bxf4 g5 12.Bg3 Bg7 13.h4 h6 14.Be2 Ne5 15.hxg5 hxg5
16.Rxh8+ Bxh8 17.Qb3 b6 18.O-O-O a6 19.Rh1 Bg7 20.Nd1 Qf6 21.Ne3 a5 22.a3 a4
23.Qc3 Ra5 24.f3 Kf8 25.Kb1 Ra8 26.Nd1 Re8 27.Ka2 Ng6 28.Qc2 Nf4 29.Bf1 g4
30.fxg4 Bxg4 31.Nc3 Bf3 32.Rh2 Nh5 33.Be1 Qg6 34.Bd3 Nf4 35.Bf1 Bxe4 36.Nxe4 Qxe4  0-1

[Event "Petropolis Interzonal"]
[Site "Petropolis"]
[Date "1973.??.??"]
[Round "14"]
[White "Ivkov, Borislav"]
[Black "Keres, Paul"]
[Result "1/2-1/2"]
[WhiteElo "2535"]
[BlackElo "2605"]

1.d4 Nf6 2.c4 e6 3.Nf3 b6 4.g3 Bb7 5.Bg2 Be7 6.O-O O-O 7.Nc3 Ne4 8.Nxe4 Bxe4
9.Ne1 Bxg2 10.Nxg2 d5 11.Qa4 Qe8 12.Qxe8 Rxe8 13.cxd5 exd5  1/2-1/2

[Event "Petropolis Interzonal"]
[Site "Petropolis"]
[Date "1973.??.??"]
[Round "15"]
[White "Reshevsky, Samuel Herman"]
[Black "Biyiasas, Peter"]
[Result "1-0"]
[WhiteElo "2565"]
[BlackElo "2395"]

1.d4 g6 2.e4 d6 3.Nf3 Nf6 4.Nc3 Bg7 5.Be2 O-O 6.O-O Bg4 7.Be3 Nc6 8.Qd2 e5
9.dxe5 dxe5 10.Rad1 Qxd2 11.Rxd2 Rfd8 12.Rfd1 Rxd2 13.Rxd2 Ne8 14.h3 Bxf3
15.Bxf3 Nd4 16.Bd1 Nd6 17.Rd3 c5 18.f3 f5 19.g4 b5 20.Nd5 fxe4 21.fxe4 Nxe4
22.Ra3 Rd8 23.Ne7+ Kf8 24.Rxa7 Bf6 25.Bh6+ Ke8 26.c3 Bxe7 27.cxd4 cxd4 28.Kg2 Nd6
29.a4 b4 30.a5 Rb8 31.Ba4+ Kf7 32.Bb3+ Ke8 33.a6 Nb5 34.Ba4 Kd8 35.Rb7 Rxb7
36.axb7 Kc7 37.Bxb5 Kxb7 38.Kf3 Kb6 39.Bc4 Kc5 40.b3  1-0